| 000 | 01488nam a2200253Ia 4500 | ||
|---|---|---|---|
| 008 | 220216s9999 xx 000 0 und d | ||
| 100 | _aSaha T | ||
| 245 | 0 | _aGenetic variability of corynespora cassiicola infecting hevea brasiliensis isolated from the traditional rubber growing areas in India | |
| 260 |
_bIndian Journal of Natural Rubber Research _c2000 |
||
| 300 | _a10-Jan | ||
| 520 | _aMolecular characteristics of 20 isolates of Corynespora cassiicola from 16 different locations of two rubber growing states of southern India viz., Kerala and Karnataka, were investigated using random amplified polymorphic DNA (RAPD) markers. RAPD analysis clearly indicated the existence of at least seven different genotypes of C. cassiicola. Considerable genetic variations were detected among the Kerala isolates and three of them, KL01/97, KL04/98 and KL06/97 showed completely different RAPD profiles from others with each of the primers tested. Putative virulence specific RAPD profile of Corynespora was identified among the isolates where the disease became epidemic in Karnataka. Genetic relationships were established among the Corynespora isolates. | ||
| 650 | _aCorynespora cassiicola | ||
| 650 | _aGenetic diversity | ||
| 650 | _aHevea brasiliensis | ||
| 650 | _aLeaf disease | ||
| 650 | _aRAPD | ||
| 700 | _aJacob C K | ||
| 700 | _aJoseph A | ||
| 700 | _aKothandaraman R | ||
| 700 | _aKumar K A | ||
| 700 | _aNazeer M A | ||
| 700 | _aSreena A S | ||
| 942 | _cJS | ||
| 999 |
_c59877 _d59877 |
||